| 000 | 01491cam a2200133 4500500 | ||
|---|---|---|---|
| 005 | 20260405085551.0 | ||
| 041 | _afre | ||
| 042 | _adc | ||
| 100 | 1 | 0 |
_aDebarbieux, Éric _eauthor |
| 245 | 0 | 0 | _aL'école face à la violence : Décrire, expliquer, agir |
| 260 |
_bArmand Colin,
_c2016. |
||
| 520 | _aUne approche objective de la violence à l’école est plus que jamais nécessaire. Il ne s’agit pas d’être naïfs mais bien de poser les questions essentielles et d’y répondre à l’aune de la recherche scientifique.Ce livre rassemble les contributions d’un panel international de chercheurs parmi les meilleurs spécialistes. Comment mesurer la violence à l’école et comment la définir – du harcèlement à la violence d’intrusion ou à la cyberviolence ? Comment y faire face ? La tolérance zéro est-elle une solution ? Quels liens avec le climat scolaire ? Avec la radicalisation ? Quel travail avec la Police ? Que nous apprend la « science du danger » sur les risques et sur leur prévention ? Comment gérer les menaces ? Y a-t-il des « bonnes » et des « mauvaises » solutions ? Comment faire face aux troubles du comportement ? Comment se former ? Autant de questions vives, en France comme à l’étranger dont les réponses s’appuient sur des recherches solides, pour ne pas céder aux simplismes dangereux. | ||
| 856 | 4 | 1 | _uhttps://shs.cairn.info/l-ecole-face-a-la-violence--9782200616083?lang=fr&redirect-ssocas=7080 |
| 999 |
_c2198588 _d2198588 |
||